00346nam a22001457a 450000500170000001000130001702000150003003500130004503700130005808200130007110000210008424500500010526000240015530000210017920180911164126.0 aB-119634 a8178292424 aB-119634 bB-119634 a658.4013 aSarkar, Debashis aQuality in business:b76 mantras for managers aNew DelhibB-119634 a180p.c21cm(pbk)